Statistics for Albuquerque Airport (ABQ) Destinations

Click here to take the quiz!

General Stats

  • This quiz has been taken 35 times
  • The average score is 24 of 28

Answer Stats

State/Country Airlines Destination % Correct
TexasAmericanDallas Fort-Worth
100%
TexasSouthwestDallas Love
100%
GeorgiaDeltaAtlanta
96%
TexasUnitedHouston Bush
96%
CaliforniaAlaska, SouthwestSan Diego
96%
OregonAlaskaPortland
96%
FloridaSouthwestOrlando
96%
New YorkJetblueNew York JFK
96%
TexasAllegiant, SouthwestAustin
96%
TexasSouthwestHouston Hobby
96%
NevadaAllegiant, SouthwestLas Vegas
96%
ColoradoFrontier, Southwest, Spirit, UnitedDenver
96%
IllinoisAmerican, UnitedChicago O'Hare
96%
IllinoisSouthwestChicago Midway
96%
CaliforniaAmerican, Delta, SouthwestLos Angeles
93%
MinnesotaDeltaMinneapolis
93%
ArizonaAmerican, SouthwestPhoenix
93%
UtahDeltaSalt Lake City
93%
MarylandSouthwestBaltimore
93%
CaliforniaAlaska, UnitedSan Francisco
93%
WashingtonAlaskaSeattle
93%
MissouriSouthwestKansas City
82%
CaliforniaSouthwestOakland
79%
CaliforniaSouthwestSan Jose
79%
MexicoVolarisChihuahua
39%
New MexicoAviastar-TUCarlsbad
29%
New MexicoAviastar-TUClovis
18%
New MexicoAdvanced AirSilver City
18%

Score Distribution

Percentile by Number Answered

Percent of People with Each Score

Your Score History

You have not taken this quiz